Т. 1; Арматура трубопроводная

Bibliografiske detaljer
Parent link:Арматура трубопроводная: каталог 04-06/ Институт промышленных каталогов (Инпромкаталог). Т. 1.— , 2006
Summary:Каталог «Арматура трубопроводная» подготовлен по материалам, предоставленным предприятиями - производителями трубопроводной арматуры, некоторая информация была получена на международных выставках и с электронных страниц, указанных непосредственно фирмами. Данная информация представляет интерес для тех предприятий, чьи специалисты занимаются проектированием комплексов или разработкой самих изделий, но не имели возможности получить данные от предприятий и посетить московские выставки, но хотели бы иметь полную информацию о новейших образцах продукции. Включенные в каталог предприятия демонстрируют новейшую свою, либо родственных предприятий арматуру. В целом представленная в каталоге продукция охватывает большую номенклатуру изделий.
Sprog:russisk
Udgivet: 2006
Fag:
Format: Bog
KOHA link:https://koha.lib.tpu.ru/cgi-bin/koha/opac-detail.pl?biblionumber=112257

MARC

LEADER 00000nam2a2200000 4500
001 112257
005 20231031121410.0
035 |a (RuTPU)RU\TPU\book\121361 
090 |a 112257 
100 |a 20070326d2006 k y0rusy50 ca 
101 0 |a rus 
102 |a RU 
105 |a a b 000zy 
200 0 |a Т. 1 
210 |d 2006 
215 |a 124 с.  |c ил. 
330 |a Каталог «Арматура трубопроводная» подготовлен по материалам, предоставленным предприятиями - производителями трубопроводной арматуры, некоторая информация была получена на международных выставках и с электронных страниц, указанных непосредственно фирмами. Данная информация представляет интерес для тех предприятий, чьи специалисты занимаются проектированием комплексов или разработкой самих изделий, но не имели возможности получить данные от предприятий и посетить московские выставки, но хотели бы иметь полную информацию о новейших образцах продукции. Включенные в каталог предприятия демонстрируют новейшую свою, либо родственных предприятий арматуру. В целом представленная в каталоге продукция охватывает большую номенклатуру изделий. 
461 1 |0 (RuTPU)RU\TPU\book\115718  |t Арматура трубопроводная  |o каталог 04-06  |f Институт промышленных каталогов (Инпромкаталог)  |v Т. 1  |d 2006  |s Каталог 
610 1 |a трубопроводная арматура 
610 1 |a классификация 
610 1 |a Россия 
610 1 |a предприятия-производители 
610 1 |a каталоги 
610 1 |a 04-06 
675 |a 621.646(085)  |v 3 
801 1 |a RU  |b 63413507  |c 20070326  |g PSBO 
801 2 |a RU  |b 63413507  |c 20070411  |g PSBO 
942 |c BK